[Event "Dvorkovich Memorial op 8th"]
[Site "Taganrog"]
[Date "2013.07.26"]
[Round "5"]
[White "Guschin, Vladimir I"]
[Black "Shilyakin, Gennady"]
[Result "1-0"]
[WhiteElo "2120"]
[BlackElo "2006"]
[PlyCount "83"]
[EventDate "2013.07.22"]
[EventType "swiss"]
[EventRounds "9"]
[EventCountry "RUS"]
[SourceTitle "CBM 155 Extra"]
[Source "ChessBase"]
[SourceDate "2013.08.26"]
[SourceVersion "1"]
[SourceVersionDate "2013.08.26"]
[SourceQuality "1"]

1. e4 e6 2. d4 d5 3. e5 c5 4. c3 Qb6 5. a3 Nc6 6. Nf3 cxd4 7. cxd4 Nge7 8. Bd3 Bd7 9. Bc2 Nf5 10. Bxf5 exf5 11. Nc3 Be6 12. 0-0 h6 13. b4 Be7 14. Qd3 0-0 15. Bd2 Rac8 16. Rfc1 Qd8 17. Na4 b6 18. Nc3 Qd7 19. Na2 Nb8 20. Rxc8 Rxc8 21. Qb3 Rc4 22. b5 g5 23. Bc3 Kg7 24. Nd2 Rc8 25. a4 g4 26. f4 gxf3 27. Nxf3 Qd8 28. Bb4 Rc4 29. Bxe7 Qxe7 30. Rd1 Qc7 31. Rd3 Nd7 32. Nb4 Nc5 33. dxc5 Qxc5+ 34. Kf1 Rxb4 35. Qd1 Qc4 36. Kg1 Rxa4 37. Rd4 Qxb5 38. Qxa4 Qb1+ 39. Kf2 Qb2+ 40. Rd2 Qc3 41. Qxa7 Qb4 42. Qa1 1-0

[Event "Taganrog-ch"]
[Site "Taganrog"]
[Date "2010.12.09"]
[Round "10"]
[White "Serdyuk, G."]
[Black "Guschin, Vladimir I"]
[Result "0-1"]
[WhiteElo "2107"]
[BlackElo "2174"]
[PlyCount "86"]
[EventDate "2010.11.18"]
[EventType "tourn"]
[EventRounds "13"]
[EventCountry "RUS"]
[SourceTitle "EXT 2014"]
[Source "ChessBase"]
[SourceDate "2013.11.20"]
[SourceVersion "1"]
[SourceVersionDate "2013.11.20"]
[SourceQuality "1"]

1. c4 Nf6 2. d4 g6 3. Nc3 Bg7 4. e4 d6 5. Nf3 0-0 6. Be2 Nc6 7. 0-0 Bg4 8. Be3 Bxf3 9. Bxf3 Nd7 10. Qd2 e5 11. dxe5 Ncxe5 12. Be2 Nb6 13. b3 Re8 14. Rad1 Qe7 15. a4 Nc6 16. a5 Nxa5 17. Nd5 Nxd5 18. Qxd5 Nxb3 19. c5 Nxc5 20. Bxc5 dxc5 21. Qxb7 Bd4 22. Bf3 Qe5 23. Qa6 Reb8 24. Qc6 a5 25. Rb1 Bb2 26. Bd1 Qd6 27. Qa4 Rb4 28. Qa2 Bd4 29. Bb3 Qf6 30. Kh1 Rab8 31. f4 c4 32. Bxc4 Rxb1 33. Rxb1 Rxb1+ 34. Qxb1 Qxf4 35. Qf1 Qxf1+ 36. Bxf1 Kf8 37. Bc4 Ke7 38. g3 Kd6 39. Bxf7 Kc5 40. Kg2 Kb4 41. Kf3 c5 42. Ke2 c4 43. Kd2 a4 0-1

[Event "Taganrog-ch"]
[Site "Taganrog"]
[Date "2010.12.07"]
[Round "9"]
[White "Guschin, Vladimir I"]
[Black "Mikhailov, Sergey"]
[Result "0-1"]
[WhiteElo "2174"]
[BlackElo "2398"]
[PlyCount "118"]
[EventDate "2010.11.18"]
[EventType "tourn"]
[EventRounds "13"]
[EventCountry "RUS"]
[SourceTitle "EXT 2014"]
[Source "ChessBase"]
[SourceDate "2013.11.20"]
[SourceVersion "1"]
[SourceVersionDate "2013.11.20"]
[SourceQuality "1"]

1. e4 c5 2. Nf3 d6 3. d4 cxd4 4. Nxd4 Nf6 5. Nc3 a6 6. Be3 Nbd7 7. f3 e6 8. Qd2 h6 9. 0-0-0 b5 10. Kb1 Bb7 11. g4 b4 12. Nce2 d5 13. exd5 Nxd5 14. Ng3 Rc8 15. Ne4 Nc5 16. Bd3 Qb6 17. Qe2 Be7 18. Nb3 Nxe3 19. Qxe3 Bd5 20. Nbxc5 Bxc5 21. Nxc5 Rxc5 22. Rhe1 Qa5 23. b3 0-0 24. Be4 Rfc8 25. Re2 Bxe4 26. Qxe4 Qc7 27. Red2 g6 28. h4 a5 29. h5 g5 30. Rd7 Qe5 31. Rd8+ Rxd8 32. Rxd8+ Kg7 33. Qd3 Rc3 34. Qe4 Qxe4 35. fxe4 Rg3 36. Rd4 Rxg4 37. a3 e5 38. Rd5 Rxe4 39. Rxa5 g4 40. Rd5 g3 41. Rd1 g2 42. Rg1 Rg4 43. a4 f5 44. a5 f4 45. a6 f3 46. a7 f2 47. Rc1 f1Q 48. a8Q Qxc1+ 49. Kxc1 g1Q+ 50. Kb2 Qd4+ 51. Ka2 Rg1 52. Qb7+ Kf6 53. Qc6+ Kf5 54. Qc8+ Kf4 55. Qf8+ Ke3 56. Qxh6+ Ke2 57. Qa6+ Kd2 58. c3 Qxc3 59. Qe2+ Kxe2 0-1

[Event "Taganrog-ch"]
[Site "Taganrog"]
[Date "2010.11.18"]
[Round "1"]
[White "Frolov, Andrei"]
[Black "Guschin, Vladimir I"]
[Result "0-1"]
[WhiteElo "2181"]
[BlackElo "2174"]
[PlyCount "122"]
[EventDate "2010.11.18"]
[EventType "tourn"]
[EventRounds "13"]
[EventCountry "RUS"]
[SourceTitle "EXT 2014"]
[Source "ChessBase"]
[SourceDate "2013.11.20"]
[SourceVersion "1"]
[SourceVersionDate "2013.11.20"]
[SourceQuality "1"]

1. e4 c5 2. Nf3 d6 3. d4 cxd4 4. Nxd4 Nf6 5. Nc3 a6 6. Be2 e5 7. Nb3 Be6 8. 0-0 Nbd7 9. f4 Qc7 10. Bf3 Be7 11. Kh1 0-0 12. Re1 exf4 13. Bxf4 Ne5 14. Nd4 Rfe8 15. h3 Qb6 16. Rb1 g6 17. b3 Rac8 18. Na4 Qa5 19. c4 Nxf3 20. Nxf3 b5 21. Bd2 Qc7 22. cxb5 axb5 23. Nc3 Qb7 24. Qe2 b4 25. Qb5 Qa8 26. Qxb4 d5 27. Qa4 Qxa4 28. bxa4 Nxe4 29. Nxe4 dxe4 30. Rxe4 Bf5 31. Ree1 Bxb1 32. Rxb1 Bf6 33. Rb5 Rc2 34. a3 Ra8 35. a5 Bc3 36. Rc5 Rxd2 37. Rxc3 Rd1+ 38. Kh2 Rxa5 39. h4 Ra1 40. g4 R1xa3 41. Rc8+ Kg7 42. Kg3 Rb5 43. Rc4 Rbb3 44. Rf4 h6 45. g5 h5 46. Rf6 Ra4 47. Kf2 Rbb4 48. Kg3 Rg4+ 49. Kf2 Rxh4 50. Nxh4 Rxh4 51. Ra6 Rg4 52. Ra5 Rf4+ 53. Kg3 Rf5 54. Rxf5 gxf5 55. Kh3 Kg6 56. Kh4 f4 57. Kh3 Kxg5 58. Kg2 Kg4 59. Kh2 f3 60. Kg1 Kg3 61. Kh1 Kf2 0-1

[Event "Dvorkovich Memorial op 5th"]
[Site "Taganrog"]
[Date "2010.08.08"]
[Round "7"]
[White "Guschin, Vladimir I"]
[Black "Chernov, Alexander Nik"]
[Result "1/2-1/2"]
[WhiteElo "2198"]
[BlackElo "2098"]
[PlyCount "118"]
[EventDate "2010.08.02"]
[EventType "swiss"]
[EventRounds "9"]
[EventCountry "RUS"]
[SourceTitle "EXT 2013"]
[Source "ChessBase"]
[SourceDate "2012.11.22"]
[SourceVersion "1"]
[SourceVersionDate "2012.11.22"]
[SourceQuality "1"]

1. e4 c5 2. Nf3 d6 3. d4 cxd4 4. Nxd4 Nf6 5. Nc3 Nc6 6. Bg5 e6 7. Qd2 a6 8. 0-0-0 Bd7 9. f4 Qc7 10. Nxc6 Bxc6 11. Bxf6 gxf6 12. f5 b5 13. fxe6 fxe6 14. Qf4 Be7 15. Qg4 b4 16. Ne2 e5 17. Ng3 Ba4 18. Bd3 b3 19. Qh5+ Kd8 20. axb3 Bxb3 21. Ne2 Rc8 22. Nc3 Be6 23. Nd5 Qa5 24. Kb1 Rg8 25. Qxh7 Bxd5 26. exd5 Rxg2 27. Bf5 Rb8 28. Rd3 Rd2 29. Rxd2 Qxd2 30. Qg8+ Kc7 31. Qe6 Bd8 32. Qd7+ Kb6 33. Qxd6+ Ka7 34. Bd3 Qa5 35. Rg1 Qb6 36. Rg7+ Rb7 37. Rxb7+ Kxb7 38. Qd7+ Qc7 39. Qe6 Qb6 40. d6 Qc6 41. Bc4 Kb6 42. Bd5 Qc5 43. d7+ Kc7 44. Be4 Qd6 45. Qc4+ Kxd7 46. Bf5+ Ke7 47. h4 Kf8 48. Bg6 Qd7 49. h5 Kg7 50. Qxa6 Qd1+ 51. Ka2 Qd5+ 52. b3 Be7 53. Qe2 Qa5+ 54. Kb1 Bc5 55. Bd3 Bd4 56. Qg4+ Kf8 57. Qc8+ Ke7 58. Qb7+ Kf8 59. Qc8+ Ke7 1/2-1/2

[Event "Dvorkovich Memorial op 4th"]
[Site "Taganrog"]
[Date "2009.08.08"]
[Round "7"]
[White "Kovalchuk, Alexey"]
[Black "Guschin, Vladimir I"]
[Result "0-1"]
[WhiteElo "2131"]
[BlackElo "2187"]
[PlyCount "80"]
[EventDate "2009.08.02"]
[EventType "swiss"]
[EventRounds "9"]
[EventCountry "RUS"]
[SourceTitle "EXT 2022"]
[Source "ChessBase"]
[SourceDate "2021.10.06"]
[SourceVersion "1"]
[SourceVersionDate "2021.10.06"]
[SourceQuality "1"]

1. Nf3 Nf6 2. c4 g6 3. Nc3 Bg7 4. e4 d6 5. d4 0-0 6. Be2 Bg4 7. 0-0 Nfd7 8. Be3 Nc6 9. h3 Bxf3 10. Bxf3 e5 11. d5 Nd4 12. Be2 c5 13. dxc6 bxc6 14. Bd3 a5 15. Ne2 Nc5 16. Nxd4 exd4 17. Bf4 a4 18. Rb1 Qe7 19. Re1 Rfb8 20. Qc2 Rb6 21. Rbd1 Rab8 22. Bc1 Rb4 23. f4 Nxd3 24. Rxd3 c5 25. Re2 Qb7 26. Ra3 Qa6 27. b3 axb3 28. axb3 Qb7 29. Qb1 Rxb3 30. Rxb3 Qxb3 31. Rb2 Qd1+ 32. Kh2 Rxb2 33. Qxb2 d3 34. Qb8+ Bf8 35. Bb2 Qd2 36. Qb3 Qxf4+ 37. Kg1 d2 38. Qd3 Bh6 39. Qd5 Qe3+ 40. Kh2 Bf4+ 0-1

[Event "Dvorkovich Memorial op 4th"]
[Site "Taganrog"]
[Date "2009.08.04"]
[Round "3"]
[White "Ostrovsky, Alexander"]
[Black "Guschin, Vladimir I"]
[Result "0-1"]
[WhiteElo "2372"]
[BlackElo "2187"]
[PlyCount "108"]
[EventDate "2009.08.02"]
[EventType "swiss"]
[EventRounds "9"]
[EventCountry "RUS"]
[SourceTitle "EXT 2022"]
[Source "ChessBase"]
[SourceDate "2021.10.06"]
[SourceVersion "1"]
[SourceVersionDate "2021.10.06"]
[SourceQuality "1"]

1. e4 c5 2. Ne2 d6 3. g3 Nc6 4. Bg2 g6 5. c3 Bg7 6. h3 f5 7. d3 Nf6 8. 0-0 0-0 9. exf5 gxf5 10. Nf4 Kh8 11. Nd2 e5 12. Nh5 Nxh5 13. Qxh5 Bd7 14. Nf3 Qe8 15. Qh4 Qg6 16. Qg5 Rae8 17. Qxg6 hxg6 18. Ng5 Bf6 19. h4 Kg7 20. Bd2 Ne7 21. f4 Bxg5 22. hxg5 Bc6 23. Rae1 Bxg2 24. Kxg2 Nc6 25. Rh1 Rh8 26. Rxh8 Rxh8 27. Be3 b6 28. Rd1 Re8 29. Kf2 d5 30. d4 exd4 31. cxd4 c4 32. b3 b5 33. bxc4 bxc4 34. Rb1 Rb8 35. Rxb8 Nxb8 36. g4 fxg4 37. Kg3 Nc6 38. Kxg4 Ne7 39. Kf3 Nf5 40. Bf2 Kf7 41. Ke2 Ke6 42. Kd2 Nd6 43. Ke3 Kf5 44. Kf3 Ne4 45. Be3 Nc3 46. a3 Nb5 47. a4 Nc7 48. Bd2 Ne6 49. Be3 a5 50. Bf2 Nxf4 51. Be1 Nd3 52. Bxa5 Nb2 53. Bd8 Nxa4 54. Ke3 Nc3 0-1

[Event "Dvorkovich Memorial op 4th"]
[Site "Taganrog"]
[Date "2009.08.03"]
[Round "2"]
[White "Guschin, Vladimir I"]
[Black "Belyaev, Alexander S"]
[Result "1-0"]
[WhiteElo "2187"]
[BlackElo "2073"]
[PlyCount "25"]
[EventDate "2009.08.02"]
[EventType "swiss"]
[EventRounds "9"]
[EventCountry "RUS"]
[SourceTitle "EXT 2022"]
[Source "ChessBase"]
[SourceDate "2021.10.06"]
[SourceVersion "1"]
[SourceVersionDate "2021.10.06"]
[SourceQuality "1"]

1. e4 c5 2. Nf3 Nc6 3. d4 cxd4 4. Nxd4 a6 5. Nc3 Qc7 6. f4 e6 7. Be2 Nf6 8. Be3 b6 9. 0-0 Bb4 10. Nxc6 Bxc3 11. bxc3 dxc6 12. Rb1 c5 13. c4 1-0